|
|
|
|
| LEADER |
00000cam a2200000 a 4500 |
| 001 |
UCC0648 |
| 003 |
CL-VaPUC |
| 005 |
20250424171451.0 |
| 008 |
170825e20160000uk |||||||||||||||||eng|d |
| 999 |
|
|
|c 369421
|d 369419
|
| 020 |
|
|
|a 9780128027240
|
| 040 |
|
|
|c Pontificia Universidad Católica de Valparaíso
|
| 082 |
0 |
4 |
|a 616.92
|b ILL
|2 21
|
| 100 |
|
|
|a Illanes Frontaura, Andrés Juan
|e author
|9 888879
|
| 245 |
1 |
0 |
|a Lactose-derived prebiotics: a process perspective
|
| 250 |
|
|
|a 1a. ed
|
| 260 |
|
|
|a Londres
|b Elsevier
|c 2016
|
| 300 |
|
|
|a 298 p
|
| 583 |
|
|
|a last modification
|c 20170825 13:52:00
|k Rodrigo Vera
|
| 650 |
|
0 |
|a Alimentos proteicos
|9 394540
|
| 650 |
|
0 |
|a Bacterias
|9 298237
|
| 650 |
|
0 |
|a Microbiología
|9 259706
|
| 650 |
|
7 |
|a PREBIOTICOS
|2 CL-VaPUC
|9 539054
|
| 650 |
|
7 |
|a PROBIOTICOS
|2 CL-VaPUC
|9 594647
|
| 700 |
0 |
|
|a Guerrero, Cecilia
|e author
|9 594641
|
| 700 |
0 |
|
|a Vera, Carlos
|e author
|9 594642
|
| 700 |
0 |
|
|a Wilson, Lorena
|e author
|9 594643
|
| 700 |
0 |
|
|a Conejeros, Raúl
|e author
|9 594644
|
| 700 |
0 |
|
|a Scott, Felipe
|e author
|9 594645
|
| 942 |
|
|
|c BK
|2 ddc
|
| 945 |
|
|
|d 20170825 13:52:00
|a dcastane
|
| 952 |
|
|
|0 0
|1 0
|2 ddc
|3 erd
|4 0
|6 616_920000000000000_ILL_2016
|7 0
|8 A
|9 485187
|a BIBING
|b BIBING
|c RES
|i 5419123
|l 2
|o 616.92 ILL 2016
|p 5419123
|r 2025-01-20
|s 2022-11-24
|w 2019-11-24
|y BK
|z Catalogado en:20170825
|k EIB
|